[Event "FRA-ch U18/20 Girls"]
[Site "Agen"]
[Date "2023.04.25"]
[Round "4"]
[White "Bellahcene, Sofia"]
[Black "Sumarriva Paulin, Laura"]
[Result "1-0"]
[WhiteElo "1900"]
[BlackElo "1915"]
[PlyCount "55"]
[EventDate "2023.04.23"]
[EventType "swiss"]
[EventRounds "9"]
[EventCountry "FRA"]
[SourceTitle "CBM 214 Extra"]
[Source "ChessBase"]
[SourceDate "2023.07.31"]
[SourceVersion "1"]
[SourceVersionDate "2023.07.31"]
[SourceQuality "1"]

1. e4 e6 2. d4 d5 3. Nc3 Nf6 4. Bg5 dxe4 5. Nxe4 Be7 6. Nxf6+ Bxf6 7. Bxf6 Qxf6 8. Nf3 0-0 9. Bd3 c5 10. c3 cxd4 11. Nxd4 e5 12. Ne2 Nd7 13. Ng3 Nc5 14. Bc2 Qc6 15. Qh5 g6 16. Qh6 e4 17. h4 Nd3+ 18. Bxd3 exd3 19. 0-0-0 Rd8 20. h5 b5 21. hxg6 Qxg6 22. Qf4 Be6 23. Rh5 f6 24. Rh6 Qg4 25. Qxf6 d2+ 26. Rxd2 Rxd2 27. Kxd2 Re8 28. Rh5 1-0

[Event "FRA-ch U18/20 Girls"]
[Site "Agen"]
[Date "2023.04.23"]
[Round "1"]
[White "Courjal, Juliette"]
[Black "Bellahcene, Sofia"]
[Result "0-1"]
[WhiteElo "1374"]
[BlackElo "1900"]
[PlyCount "62"]
[EventDate "2023.04.23"]
[EventType "swiss"]
[EventRounds "9"]
[EventCountry "FRA"]
[SourceTitle "CBM 214 Extra"]
[Source "ChessBase"]
[SourceDate "2023.07.31"]
[SourceVersion "1"]
[SourceVersionDate "2023.07.31"]
[SourceQuality "1"]

1. e4 c5 2. Nc3 e6 3. g3 Nc6 4. Bg2 g6 5. d3 Bg7 6. Nge2 Nge7 7. f4 d6 8. 0-0 0-0 9. g4 f5 10. exf5 exf5 11. g5 d5 12. Ng3 d4 13. Nce2 Nd5 14. Re1 Qd6 15. Kh1 Ne3 16. Bxe3 dxe3 17. Qc1 Nd4 18. Rb1 Be6 19. b3 Bd5 20. Rg1 Nf3 21. Qxe3 Nxg1 22. Bxd5+ Qxd5+ 23. Kxg1 Rae8 24. Qf2 Re7 25. h4 Rfe8 26. Rd1 Re3 27. Rf1 Qe6 28. a4 Rxe2 29. Nxe2 Qxe2 30. Qxe2 Rxe2 31. c3 Bxc3 0-1

[Event "FRA-ch U18 Girls"]
[Site "Agen"]
[Date "2022.04.18"]
[Round "3"]
[White "Bellahcene, Sofia"]
[Black "Lordier, Sophia"]
[Result "0-1"]
[WhiteElo "1840"]
[BlackElo "1706"]
[PlyCount "61"]
[EventDate "2022.04.16"]
[EventType "swiss"]
[EventRounds "9"]
[EventCountry "FRA"]
[SourceTitle "EXT 2023"]
[Source "ChessBase"]
[SourceDate "2022.10.05"]
[SourceVersion "1"]
[SourceVersionDate "2022.10.05"]
[SourceQuality "1"]

1. e4 c5 2. Nf3 Nc6 3. d4 cxd4 4. Nxd4 Nf6 5. Nc3 e5 6. Ndb5 d6 7. Nd5 Nxd5 8. exd5 Ne7 9. c4 Ng6 10. Bd3 Be7 11. 0-0 a6 12. Nc3 0-0 13. Be3 f5 14. f3 Bg5 15. Qd2 Bf4 16. Qf2 Qg5 17. Bb6 e4 18. Bxe4 fxe4 19. Nxe4 Qh5 20. g3 Be5 21. Qe3 Bh3 22. Rf2 Ne7 23. Qg5 Qxg5 24. Nxg5 Bf5 25. g4 h6 26. Nh3 Bd7 27. f4 Bf6 28. Rg2 Rac8 29. Rc1 Nxd5 30. Bf2 Be7 31. Rd1 0-1

[Event "FRA-ch U18 Girls"]
[Site "Agen"]
[Date "2022.04.18"]
[Round "2"]
[White "Tomasi, Elise"]
[Black "Bellahcene, Sofia"]
[Result "1/2-1/2"]
[WhiteElo "2000"]
[BlackElo "1840"]
[PlyCount "50"]
[EventDate "2022.04.16"]
[EventType "swiss"]
[EventRounds "9"]
[EventCountry "FRA"]
[SourceTitle "EXT 2023"]
[Source "ChessBase"]
[SourceDate "2022.10.05"]
[SourceVersion "1"]
[SourceVersionDate "2022.10.05"]
[SourceQuality "1"]

1. d4 Nf6 2. Nf3 d5 3. g3 Bf5 4. Bg2 e6 5. 0-0 h6 6. c4 c6 7. Nc3 Nbd7 8. Qb3 Qb6 9. c5 Qa6 10. Qd1 b6 11. b4 Qc4 12. Qb3 Qxb3 13. axb3 a5 14. b5 Rc8 15. cxb6 Nxb6 16. Rxa5 Bb4 17. Ra6 Bxc3 18. Rxb6 cxb5 19. Ba3 b4 20. Bxb4 Bxb4 21. Rxb4 0-0 22. Ne5 Rb8 23. Rxb8 Rxb8 24. Rc1 Rxb3 25. f3 Rb1 1/2-1/2

[Event "FRA-chT Top 12 (Women) GpB"]
[Site "Mulhouse"]
[Date "2022.04.08"]
[Round "2.1"]
[White "Bellahcene, Sofia"]
[Black "Langer, Karele"]
[Result "1-0"]
[WhiteElo "1840"]
[BlackElo "1476"]
[PlyCount "96"]
[EventDate "2022.04.07"]
[EventType "team-tourn"]
[EventRounds "5"]
[EventCountry "FRA"]
[SourceTitle "CBM 207 Extra"]
[Source "ChessBase"]
[SourceDate "2022.05.31"]
[SourceVersion "1"]
[SourceVersionDate "2022.05.31"]
[SourceQuality "1"]
[WhiteTeam "Bischwiller (W)"]
[BlackTeam "Domloupeen (W)"]
[WhiteTeamCountry "FRA"]
[BlackTeamCountry "FRA"]

1. e4 c5 2. Nf3 e6 3. d4 cxd4 4. Nxd4 Nf6 5. Nc3 d6 6. Nb3 Be7 7. Be3 0-0 8. f4 a6 9. Qf3 Nc6 10. g4 Na5 11. g5 Nd7 12. Bd2 Nxb3 13. axb3 Nc5 14. h4 a5 15. b4 Nd7 16. h5 e5 17. g6 Bh4+ 18. Kd1 exf4 19. gxf7+ Kh8 20. Qxf4 Be7 21. Nd5 Ne5 22. h6 Rxf7 23. hxg7+ Rxg7 24. Bc3 Bg5 25. Qh2 Bg4+ 26. Be2 Bxe2+ 27. Kxe2 Qd7 28. Qh3 Qb5+ 29. Kd1 Rf8 30. Rxa5 Qc4 31. Bxe5 dxe5 32. Qd3 Qc8 33. Ne3 Rd8 34. Rd5 Rxd5 35. exd5 Bxe3 36. Qxe3 Qg4+ 37. Kc1 Qf4 38. Qxf4 exf4 39. c4 f3 40. Rf1 Rf7 41. Kd2 Rf4 42. b3 Kg7 43. Ke3 Rf7 44. Rxf3 Rxf3+ 45. Kxf3 Kf7 46. c5 Ke7 47. c6 Kd8 48. b5 Ke7 1-0

[Event "FRA-ch U16"]
[Site "Agen"]
[Date "2021.10.31"]
[Round "9"]
[White "Bellahcene, Sofia"]
[Black "Blanquet, Camille"]
[Result "1-0"]
[WhiteElo "1807"]
[BlackElo "1887"]
[PlyCount "121"]
[EventDate "2021.10.22"]
[EventType "swiss"]
[EventRounds "9"]
[EventCountry "FRA"]
[SourceTitle "EXT 2023"]
[Source "ChessBase"]
[SourceDate "2022.10.05"]
[SourceVersion "1"]
[SourceVersionDate "2022.10.05"]
[SourceQuality "1"]

1. e4 c5 2. Nf3 d6 3. d4 cxd4 4. Nxd4 Nf6 5. Nc3 Nc6 6. Nde2 g6 7. h3 Bg7 8. g3 0-0 9. Bg2 Rb8 10. a4 a6 11. 0-0 b5 12. axb5 axb5 13. Be3 Nd7 14. Nd4 Nxd4 15. Bxd4 Nc5 16. Nd5 Bb7 17. Bxg7 Kxg7 18. Qd4+ e5 19. Qe3 Bxd5 20. exd5 Qb6 21. h4 Na4 22. Qxb6 Rxb6 23. b3 Nc3 24. Ra7 b4 25. Rd7 Ra8 26. Re1 Ra2 27. Bh3 Kf6 28. Re3 e4 29. f3 Rxc2 30. fxe4 Ne2+ 31. Kf1 Nd4 32. Rd3 Ra6 33. Bg4 Nxb3 34. Bd1 Rc1 35. Rxb3 Rxd1+ 36. Ke2 Rc1 37. Rf3+ Kg7 38. Rfxf7+ Kg8 39. Rg7+ Kf8 40. Rxh7 Ra2+ 41. Kf3 Rf1+ 42. Kg4 Kg8 43. Kg5 Raf2 44. Kh6 Rf7 45. Rd8+ Rf8 46. Rg7+ Kh8 47. Rxf8+ Rxf8 48. Rb7 b3 49. Rxb3 Kg8 50. Kxg6 Kh8 51. h5 Kg8 52. h6 Kh8 53. Rb7 Re8 54. Rd7 Rg8+ 55. Kf6 Rf8+ 56. Ke7 Rg8 57. Kxd6 Re8 58. e5 Rg8 59. e6 Rg6 60. Kc7 Rg8 61. Rd8 1-0

[Event "FRA-ch U16"]
[Site "Agen"]
[Date "2021.10.30"]
[Round "8"]
[White "Bellahcene, Sofia"]
[Black "Cornileau, Juliette"]
[Result "0-1"]
[WhiteElo "1807"]
[BlackElo "1892"]
[PlyCount "63"]
[EventDate "2021.10.22"]
[EventType "swiss"]
[EventRounds "9"]
[EventCountry "FRA"]
[SourceTitle "EXT 2023"]
[Source "ChessBase"]
[SourceDate "2022.10.05"]
[SourceVersion "1"]
[SourceVersionDate "2022.10.05"]
[SourceQuality "1"]

1. e4 c5 2. Nf3 Nc6 3. b4 cxb4 4. d4 g6 5. a3 bxa3 6. c3 d6 7. Nxa3 Nf6 8. d5 Ne5 9. Nxe5 dxe5 10. Nb5 a6 11. d6 exd6 12. Bg5 Be7 13. Bxf6 Bxf6 14. Nxd6+ Ke7 15. Nc4 Qxd1+ 16. Rxd1 Be6 17. Nb6 Rad8 18. Nd5+ Bxd5 19. exd5 e4 20. c4 b6 21. Kd2 Bd4 22. Ke2 Bc5 23. Ra1 a5 24. g3 Kd6 25. Bh3 Rhe8 26. Rhd1 Re5 27. Bg2 f5 28. h4 Rf8 29. f3 exf3+ 30. Kxf3 f4 31. Re1 fxg3+ 32. Kg4 0-1

[Event "FRA-ch U16"]
[Site "Agen"]
[Date "2021.10.29"]
[Round "7"]
[White "Tokplo, Victoria"]
[Black "Bellahcene, Sofia"]
[Result "0-1"]
[WhiteElo "1670"]
[BlackElo "1807"]
[PlyCount "68"]
[EventDate "2021.10.22"]
[EventType "swiss"]
[EventRounds "9"]
[EventCountry "FRA"]
[SourceTitle "EXT 2023"]
[Source "ChessBase"]
[SourceDate "2022.10.05"]
[SourceVersion "1"]
[SourceVersionDate "2022.10.05"]
[SourceQuality "1"]

1. e4 c5 2. Nf3 e6 3. d4 cxd4 4. Nxd4 Nf6 5. Nc3 Nc6 6. Be3 Bb4 7. f3 d5 8. Bb5 Bd7 9. 0-0 e5 10. Nb3 d4 11. Nd5 dxe3 12. Bxc6 bxc6 13. Nxb4 e2 14. Qxe2 Qb6+ 15. Kh1 Qxb4 16. Rad1 0-0 17. Qe3 Be6 18. Nc5 Bc4 19. Rfe1 Qxb2 20. a3 Rfd8 21. Rb1 Qd4 22. Qxd4 Rxd4 23. Rb4 Rad8 24. h3 h6 25. Kh2 Bb5 26. Rb3 Nd7 27. Nxd7 R8xd7 28. c3 Rd3 29. Rc1 a5 30. Rbb1 Rd2 31. c4 Ba4 32. Rb8+ Rd8 33. Rb7 Rc2 34. Rg1 Rxc4 0-1

[Event "Cappelle Online Blitz op 1st"]
[Site "Europe Echecs INT"]
[Date "2021.01.10"]
[Round "2"]
[White "Bellahcene, Sofia"]
[Black "Eden, James"]
[Result "0-1"]
[WhiteElo "1917"]
[BlackElo "2323"]
[PlyCount "80"]
[EventDate "2021.01.10"]
[EventType "swiss (blitz)"]
[EventRounds "11"]
[EventCountry "FRA"]
[SourceTitle "CBM 200 Extra"]
[Source "ChessBase"]
[SourceDate "2021.03.31"]
[SourceVersion "1"]
[SourceVersionDate "2021.03.31"]
[SourceQuality "1"]

1. e4 c5 2. Nf3 d6 3. d4 cxd4 4. Nxd4 Nf6 5. Nc3 Nc6 6. g3 e5 7. Nb3 Bg4 8. f3 Be6 9. Bg2 a5 10. a4 Be7 11. 0-0 Nb4 12. Kh1 Rc8 13. Bg5 0-0 14. Nd2 d5 15. exd5 Nfxd5 16. Bxe7 Qxe7 17. Nxd5 Nxd5 18. Re1 Qc5 19. c3 f6 20. Ne4 Qb6 21. Qe2 Rfd8 22. Qb5 Qxb5 23. axb5 b6 24. Ra4 Nc7 25. Bf1 Bb3 26. Ra3 Bd5 27. Nd2 Bb7 28. Rd1 Bxf3+ 29. Nxf3 Rxd1 30. Kg2 Nd5 31. Be2 Rb1 32. Ra2 Kf8 33. Nd2 Rc1 34. Kf2 Rc2 35. Ne4 f5 36. Nd6 Rd8 37. Nxf5 Nxc3 38. bxc3 Rxa2 39. Ke3 a4 40. Bc4 Rc2 0-1

[Event "Cappelle Online Blitz op 1st"]
[Site "Europe Echecs INT"]
[Date "2021.01.10"]
[Round "1"]
[White "Maillard, Jules"]
[Black "Bellahcene, Sofia"]
[Result "0-1"]
[WhiteElo "1156"]
[BlackElo "1917"]
[PlyCount "96"]
[EventDate "2021.01.10"]
[EventType "swiss (blitz)"]
[EventRounds "11"]
[EventCountry "FRA"]
[SourceTitle "CBM 200 Extra"]
[Source "ChessBase"]
[SourceDate "2021.03.31"]
[SourceVersion "1"]
[SourceVersionDate "2021.03.31"]
[SourceQuality "1"]

1. d4 c5 2. c3 cxd4 3. cxd4 d5 4. Nc3 Nf6 5. Nf3 Nc6 6. Bf4 Bf5 7. e3 e6 8. Bb5 Bb4 9. Rc1 0-0 10. 0-0 a6 11. Bxc6 bxc6 12. Ne5 c5 13. Nc6 Qd7 14. Nxb4 cxb4 15. Ne2 Nh5 16. Bg3 Rfc8 17. Qd2 a5 18. b3 Qb5 19. Bd6 Bd3 20. Bc5 Bxe2 21. Rfe1 Bd3 22. f3 Nf6 23. a3 bxa3 24. Bxa3 Qxb3 25. Bc5 Bc4 26. Rc3 Qb5 27. Rec1 Nd7 28. Ba3 a4 29. R3c2 Qb3 30. Rc3 Qb6 31. R3c2 Qa5 32. Bb4 Qd8 33. Rb2 a3 34. Rbb1 Nb6 35. Ra1 a2 36. Ba5 Qd6 37. Bb4 Qd7 38. Qb2 Na4 39. Qa3 Nb6 40. Qb2 Ra4 41. Qc3 Rb8 42. Ba5 Nc8 43. Bb4 Raxb4 44. Rc2 Rb1+ 45. Rc1 Rxa1 46. Rxa1 Rb1+ 47. Kf2 Qb5 48. Rxb1 axb1Q 0-1

[Event "Trophee Roza Lallemand Online"]
[Site "Tornelo INT"]
[Date "2020.12.13"]
[Round "4"]
[White "Bellahcene, Sofia"]
[Black "Afrakhteh, Nahid"]
[Result "1-0"]
[WhiteElo "1917"]
[BlackElo "1408"]
[PlyCount "57"]
[EventDate "2020.12.13"]
[EventType "swiss (rapid)"]
[EventRounds "9"]
[EventCountry "USA"]
[SourceTitle "EXT 2022"]
[Source "ChessBase"]
[SourceDate "2021.10.06"]
[SourceVersion "1"]
[SourceVersionDate "2021.10.06"]
[SourceQuality "1"]

1. e4 c5 2. Nf3 d6 3. d4 cxd4 4. Nxd4 Nf6 5. Nc3 a6 6. a4 e5 7. Nb3 Be7 8. g3 0-0 9. Bg2 Nc6 10. 0-0 Bg4 11. f3 Be6 12. Bg5 h6 13. Bxf6 Bxf6 14. Re1 Bg5 15. Nd2 Qb6+ 16. Kh1 Rab8 17. b3 Be3 18. Nd5 Bxd5 19. exd5 Nb4 20. Nc4 Qd4 21. Nxe3 Nxc2 22. Nxc2 Qxd1 23. Raxd1 Rbc8 24. Ne3 Rc3 25. b4 Rfc8 26. Nf5 Kf8 27. Nxd6 R8c7 28. Rxe5 Rc1 29. Re8# 1-0

[Event "Trophee Roza Lallemand Online"]
[Site "Tornelo INT"]
[Date "2020.12.13"]
[Round "2"]
[White "Bellahcene, Sofia"]
[Black "Castagnerol, Cerise"]
[Result "1-0"]
[WhiteElo "1917"]
[BlackElo "1010"]
[PlyCount "47"]
[EventDate "2020.12.13"]
[EventType "swiss (rapid)"]
[EventRounds "9"]
[EventCountry "USA"]
[SourceTitle "EXT 2022"]
[Source "ChessBase"]
[SourceDate "2021.10.06"]
[SourceVersion "1"]
[SourceVersionDate "2021.10.06"]
[SourceQuality "1"]

1. e4 e5 2. Bc4 Nf6 3. d3 Bc5 4. Nc3 0-0 5. Bg5 Be7 6. f4 Nc6 7. Nf3 d6 8. 0-0 Be6 9. Bxe6 fxe6 10. fxe5 Nxe5 11. Nxe5 dxe5 12. Qe1 Bb4 13. Qg3 Bc5+ 14. Kh1 Bd4 15. Rf3 Kh8 16. Raf1 Qe7 17. Qh4 Qb4 18. Bxf6 gxf6 19. Rxf6 Rxf6 20. Qxf6+ Kg8 21. Qxe6+ Kh8 22. Nd5 Qd2 23. Qf6+ Kg8 24. Ne7# 1-0

[Event "FRA-ch Blitz Online Qual"]
[Site "Europe Echecs INT"]
[Date "2020.05.16"]
[Round "14"]
[White "Leonardy, Baptiste"]
[Black "Bellahcene, Sofia"]
[Result "1-0"]
[WhiteElo "1177"]
[BlackElo "1948"]
[PlyCount "69"]
[EventDate "2020.05.16"]
[EventType "swiss (blitz)"]
[EventRounds "15"]
[EventCountry "FRA"]
[SourceTitle "CBM 196 Extra"]
[Source "ChessBase"]
[SourceDate "2020.07.31"]
[SourceVersion "1"]
[SourceVersionDate "2020.07.31"]
[SourceQuality "1"]

1. e4 c5 2. Nf3 Nc6 3. d4 cxd4 4. Nxd4 g6 5. Nc3 Bg7 6. Be3 Nf6 7. Bc4 0-0 8. f3 Qb6 9. Bb3 Nxe4 10. Nd5 Qa5+ 11. c3 Nxd4 12. Nxe7+ Kh8 13. Bxd4 Nf6 14. 0-0 Re8 15. Nxc8 Raxc8 16. Bxf7 Rf8 17. Bb3 Qh5 18. Bxa7 d5 19. Bd4 h6 20. f4 Ng4 21. Bxg7+ Kxg7 22. Qd4+ Kh7 23. h3 Nf6 24. Rae1 Rc7 25. Re5 Qh4 26. Bxd5 Rd7 27. Qb4 Rfd8 28. Re7+ Kh8 29. Rxd7 Rxd7 30. Qf8+ Kh7 31. f5 Rxd5 32. Qf7+ Kh8 33. fxg6 Rd7 34. g7+ Kh7 35. g8Q# 1-0

[Event "Wch U14 Girls"]
[Site "Porto Carras"]
[Date "2018.10.26"]
[Round "7"]
[White "Wang, Isabelle"]
[Black "Bellahcene, Sofia"]
[Result "1/2-1/2"]
[WhiteElo "1416"]
[BlackElo "1764"]
[PlyCount "87"]
[EventDate "2018.10.20"]
[EventType "swiss"]
[EventRounds "11"]
[EventCountry "GRE"]
[SourceTitle "CBM 187 Extra"]
[Source "ChessBase"]
[SourceDate "2018.11.04"]
[SourceVersion "1"]
[SourceVersionDate "2018.11.04"]
[SourceQuality "1"]

1. e4 c5 2. Nf3 Nc6 3. d4 cxd4 4. Nxd4 g6 5. c4 Bg7 6. Be3 Nf6 7. Nc3 d6 8. Be2 Nxd4 9. Bxd4 0-0 10. 0-0 Bd7 11. Qd2 Bc6 12. f3 a5 13. Rab1 Nd7 14. Be3 Nc5 15. b3 Qb6 16. Rfc1 Qb4 17. Nd5 Bxd5 18. exd5 Qxd2 19. Bxd2 Bd4+ 20. Kh1 e5 21. dxe6 fxe6 22. Bc3 Bxc3 23. Rxc3 e5 24. Kg1 Ne6 25. Bd3 Rac8 26. Be4 Nf4 27. Rc2 b6 28. Rd2 Rf6 29. Rbd1 Rd8 30. g3 Nh3+ 31. Kg2 Ng5 32. Bd5+ Kg7 33. h4 Ne6 34. Bxe6 Rxe6 35. Rd5 Kf6 36. Rb5 Rb8 37. b4 Ra8 38. a4 axb4 39. Rxb4 Rc8 40. Rxb6 Rxc4 41. Rdxd6 Rxd6 42. Rxd6+ Kf5 43. Ra6 Rc2+ 44. Kh3 1/2-1/2

[Event "Wch U14 Girls"]
[Site "Porto Carras"]
[Date "2018.10.23"]
[Round "5"]
[White "Alimova, Sevinch"]
[Black "Bellahcene, Sofia"]
[Result "1/2-1/2"]
[WhiteElo "1596"]
[BlackElo "1764"]
[PlyCount "113"]
[EventDate "2018.10.20"]
[EventType "swiss"]
[EventRounds "11"]
[EventCountry "GRE"]
[SourceTitle "CBM 187 Extra"]
[Source "ChessBase"]
[SourceDate "2018.11.04"]
[SourceVersion "1"]
[SourceVersionDate "2018.11.04"]
[SourceQuality "1"]

1. d4 d5 2. c4 e6 3. Nc3 Nf6 4. Bg5 c6 5. e3 Be7 6. Nf3 Nbd7 7. Bd3 dxc4 8. Bxc4 b5 9. Bd3 a6 10. 0-0 c5 11. dxc5 Nxc5 12. Bc2 Qb6 13. Qe2 Bb7 14. h3 h6 15. Bh4 0-0 16. Rfd1 Rfe8 17. Nd4 Nd5 18. Nxd5 Bxd5 19. Bxe7 Rxe7 20. e4 Bb7 21. Qe3 Rc7 22. Rd2 Nd7 23. Rad1 Ne5 24. Bb3 Nc4 25. Bxc4 Rxc4 26. b3 Rcc8 27. f3 b4 28. Nf5 Qxe3+ 29. Nxe3 a5 30. Nc4 Rc5 31. Rd7 Ba6 32. Nb6 Rb8 33. Rd8+ Rxd8 34. Rxd8+ Kh7 35. Rd2 Rc6 36. Na4 Bb5 37. Nb2 Kg6 38. Kf2 Rc3 39. Nd1 Rc1 40. Ne3 h5 41. Rc2 Rxc2+ 42. Nxc2 Bd3 43. Nd4 Bb1 44. Nc6 Bxa2 45. Nxa5 f5 46. exf5+ Kxf5 47. Nc6 e5 48. Nxb4 Bxb3 49. Nd3 h4 50. Ke3 Bc4 51. Ne1 Bb5 52. Nc2 Bc6 53. Ne1 g5 54. Nc2 Bb7 55. Ne1 e4 56. fxe4+ Bxe4 57. Nf3 1/2-1/2

[Event "EU-ch U14 Girls 28th"]
[Site "Riga"]
[Date "2018.08.23"]
[Round "4.9"]
[White "Stepanyan, Eva"]
[Black "Bellahcene, Sofia"]
[Result "1-0"]
[WhiteElo "2101"]
[BlackElo "1813"]
[PlyCount "47"]
[EventDate "2018.08.20"]
[EventType "swiss"]
[EventRounds "9"]
[EventCountry "LAT"]
[SourceTitle "CBM 186 Extra"]
[Source "ChessBase"]
[SourceDate "2018.08.24"]
[SourceVersion "1"]
[SourceVersionDate "2018.08.24"]
[SourceQuality "1"]

1. e4 c5 2. Nf3 g6 3. d4 cxd4 4. Nxd4 Bg7 5. c4 Nc6 6. Be3 d6 7. Nc3 Nf6 8. f3 0-0 9. Be2 Nd7 10. Nc2 Nc5 11. 0-0 Bd7 12. Qd2 a5 13. Rad1 b6 14. Bh6 Nb4 15. Bxg7 Kxg7 16. Nxb4 axb4 17. Nd5 Rxa2 18. Qxb4 Ra4 19. Qc3+ Kg8 20. e5 dxe5 21. Qxe5 Ne6 22. Qe3 Ra7 23. Nxb6 f5 24. Nxd7 1-0

[Event "EU-ch U12 Girls 27th"]
[Site "Mamaia"]
[Date "2017.09.12"]
[Round "7"]
[White "Toth, Nikoletta"]
[Black "Bellahcene, Sofia"]
[Result "1-0"]
[WhiteElo "1966"]
[BlackElo "1652"]
[PlyCount "63"]
[EventDate "2017.09.05"]
[EventType "swiss"]
[EventRounds "9"]
[EventCountry "ROU"]
[SourceTitle "CBM 180 Extra"]
[Source "ChessBase"]
[SourceDate "2017.10.06"]
[SourceVersion "1"]
[SourceVersionDate "2017.10.06"]
[SourceQuality "1"]

1. e4 c5 2. Nf3 Nc6 3. d4 cxd4 4. Nxd4 g6 5. Nc3 Bg7 6. Be3 Nf6 7. Bc4 0-0 8. Bb3 d6 9. f3 Bd7 10. Qd2 Ne5 11. 0-0-0 a5 12. a4 Qe8 13. h4 Rc8 14. h5 Nc4 15. Bxc4 Rxc4 16. hxg6 fxg6 17. Bh6 Bxh6 18. Rxh6 Qf7 19. g4 Rfc8 20. Rdh1 Bxa4 21. g5 Nh5 22. Nf5 Be8 23. R6xh5 gxf5 24. Rxh7 Qxh7 25. Rxh7 Kxh7 26. Qh2+ Kg8 27. exf5 R4c5 28. g6 Kg7 29. Qh7+ Kf6 30. Ne4+ Kxf5 31. Nxc5 Bxg6 32. Qh3+ 1-0

[Event "EU-ch U12 Girls 27th"]
[Site "Mamaia"]
[Date "2017.09.06"]
[Round "2"]
[White "Bellahcene, Sofia"]
[Black "Toncheva, Nadya"]
[Result "0-1"]
[WhiteElo "1652"]
[BlackElo "1802"]
[PlyCount "82"]
[EventDate "2017.09.05"]
[EventType "swiss"]
[EventRounds "9"]
[EventCountry "ROU"]
[SourceTitle "CBM 180 Extra"]
[Source "ChessBase"]
[SourceDate "2017.10.06"]
[SourceVersion "1"]
[SourceVersionDate "2017.10.06"]
[SourceQuality "1"]

1. e4 c5 2. Nf3 e6 3. d4 cxd4 4. Nxd4 a6 5. Nc3 Qc7 6. g3 Nf6 7. Bg2 d6 8. 0-0 Be7 9. Kh1 Nc6 10. Nb3 0-0 11. a4 b6 12. f4 Bb7 13. g4 Nd7 14. g5 Nc5 15. Nxc5 dxc5 16. Qh5 Nd4 17. Rf2 b5 18. Be3 Rfd8 19. Nd1 g6 20. Qh4 Rd7 21. Qg4 Bf8 22. h4 Bg7 23. h5 Rad8 24. hxg6 hxg6 25. axb5 axb5 26. Kg1 Bc6 27. e5 Bxg2 28. Rxg2 Qc6 29. Bxd4 Rxd4 30. Ne3 Bxe5 31. fxe5 Rxg4 32. Nxg4 Qf3 33. Nf6+ Kg7 34. b3 Qe3+ 35. Kf1 Qxe5 36. Re1 Qf5+ 37. Kg1 Qf4 38. Rf1 Qd4+ 39. Kh1 Rh8+ 40. Rh2 Rxh2+ 41. Kxh2 Qh4+ 0-1